| 000 | 00470nam a2200169Ia 4500 | ||
|---|---|---|---|
| 008 | 230718s9999 xx 000 0 und d | ||
| 020 | _aISSN 0975-2250 | ||
| 041 | _aeng | ||
| 082 |
_a954.001 _bMAT |
||
| 100 |
_aMathew M. (Editor) _9175742 |
||
| 245 | _aManorama Year book 2014 | ||
| 260 |
_c2014 _bMalayala Manorama |
||
| 300 | _a1038 | ||
| 365 |
_cRs. _b210.00 |
||
| 700 |
_aMathew M. (Editor) _9175742 |
||
| 906 |
_dO:0388322-May-2014B:558808-May-2014 _cGENRL _b46.2 |
||
| 999 |
_c336164 _d336164 |
||